Схематическая карта района Западной области (Запись № 12961871)

Подробности
000 -МАРКЕР
контрольное поле 01460nem0a2200337 4500
001 - ИДЕНТИФИКАТОР ЗАПИСИ
контрольное поле RU\NLR\BIBL_A\012727651
005 - ИДЕНТИФИКАТОР ВЕРСИИ
контрольное поле 20260409065130.0
021 ## - НОМЕР ГОСУДАРСТВЕННОЙ РЕГИСТРАЦИИ
Код страны
035 ## - ДРУГИЕ СИСТЕМНЫЕ НОМЕРА
Идентификатор записи (NLR Aleph) 012727651
100 ## - ДАННЫЕ ОБЩЕЙ ОБРАБОТКИ
Данные общей обработки 20220314d1928 |||y0rusy50 ca
101 0# - ЯЗЫК РЕСУРСА
Язык текста, звукозаписи и т.д. русский
102 ## - СТРАНА ПУБЛИКАЦИИ ИЛИ ПРОИЗВОДСТВА
Страна публикации российская федерация
120 ## - ПОЛЕ КОДИРОВАННЫХ ДАННЫХ: КАРТОГРАФИЧЕСКИЕ МАТЕРИАЛЫ - ОБЩИЕ ХАРАКТЕРИСТИКИ
Кодированные данные о картографическом материале (общие) aay xx||
123 1# - ПОЛЕ КОДИРОВАННЫХ ДАННЫХ: КАРТОГРАФИЧЕСКИЕ МАТЕРИАЛЫ - МАСШТАБ И КООРДИНАТЫ
Тип масштаба a
Постоянное отношение линейного горизонтального масштаба 1000000
135 ## - ПОЛЕ КОДИРОВАННЫХ ДАННЫХ: ЭЛЕКТРОННЫЕ РЕСУРСЫ
Кодированные данные для электронного ресурса crcn 024anaba
200 1# - ЗАГЛАВИЕ И СВЕДЕНИЯ ОБ ОТВЕТСТВЕННОСТИ
Основное заглавие Схематическая карта района Западной области
Общее обозначение материала Карты
Сведения, относящиеся к заглавию Адм. деление на 1 июля 1928 г.
206 ## - ОБЛАСТЬ СПЕЦИФИЧЕСКИХ СВЕДЕНИЙ: КАРТОГРАФИЧЕСКИЕ МАТЕРИАЛЫ - МАТЕМАТИЧЕСКИЕ ДАННЫЕ
Сведения о математических данных 1:1 000 000, 10 км в 1 см
210 ## - ПУБЛИКАЦИЯ, РАСПРОСТРАНЕНИЕ И ДР.
Место издания, распространения и т.д. [Смоленск]
Имя издателя, распространителя и т. д. Облплан Зап. обл.
Дата издания, распространения и т.д. 1928
215 ## - ФИЗИЧЕСКАЯ ХАРАКТЕРИСТИКА
Специфическое обозначение материала и объем 1 к
Другие сведения о физической характеристике 1 цв., указ.
Размеры 90х70 см
325 ## - ПРИМЕЧАНИЕ О КОПИИ
Текст примечания Копия доступна в Электрон. б-ке РНБ
509 01 - ЗАГОЛОВОК -СТРУКТУРИРОВАННОЕ ГЕОГРАФИЧЕСКОЕ ИЛИ ТЕМАТИЧЕСКОЕ НАИМЕНОВАНИЕ
Графика поля Кириллица
Географическое / тематическое наименование – начальный элемент ввода Западная область
Системный номер авторитетной/нормативной записи 2635244
Идентификатор авторитетной / нормативной записи RU\NLR\auth_crt\552076
607 ## - ГЕОГРАФИЧЕСКОЕ НАИМЕНОВАНИЕ КАК ПРЕДМЕТ
Географическое наименование Западная область
Формальный подзаголовок Карты
Системный номер авторитетной/нормативной записи 1018447
Идентификатор авторитетной/нормативной записи RU\NLR\AUTH\6671103
608 ## - ФОРМА, ЖАНР, ФИЗИЧЕСКИЕ ХАРАКТЕРИСТИКИ ДОКУМЕНТА КАК ТОЧКА ДОСТУПА
Начальный элемент ввода Административные карты
Идентификатор авторитетной/нормативной записи RU\NLR\AUTH\667834
Системный номер авторитетной/нормативной записи 901648
852 ## - МЕСТОНАХОЖДЕНИЕ И ШИФР ХРАНЕНИЯ
Идентификатор организации NLR
Наименование фонда или коллекции (Sub-Location Identifier) К
Шифр хранения (Call Number) 4-Зап 3/7
Идентификатор единицы 778
901 ## - ДАННЫЕ ОБ ОБЪЕКТЕ ОЦИФРОВКИ
-- Картографические материалы
942 ## - ДОПОЛНИТЕЛЬНЫЕ ЭЛЕМЕНТЫ ЗАПИСИ (АБИС)
Тип экземпляра АБИС Карта
980 ## - КОЛЛЕКЦИЯ
Название коллекции Национальная библиография
981 19 - КОЛЛЕКЦИЯ ЭЛЕКТРОННОЙ БИБЛИОТЕКИ
Название коллекции Картографические материалы
Экземпляры
Тип экземпляра Дата поступления Библиотека постоянного хранения Библиотека текущего хранения Место хранения Шифр хранения Штрих-код Статус не для выдачи
Карта 14.03.2022 РНБ (Садовая) РНБ (Садовая) Фонд картографических изданий К 4-Зап 3/7 ERR-236080